Stations de métro et RER du 12ème arrondissement par fréquentation - Statistiques

Statistiques générales
  • Ce quiz a été pris 128 fois
  • Le résultat moyen est 14 sur 21
Statistiques - réponses
Réponse Trafic annuel Particularités % Correct
Bercy 6 311 543
90%
Daumesnil 4 954 004
84%
Reuilly-Diderot 6 328 040
83%
Bastille 13 151 192 À la limite des 4ème et 11ème arrondissements,mais administrativement dans le 12ème arr.
81%
Bel-Air 2 247 926
74%
Picpus 1 302 314
71%
Dugommier 2 579 556
70%
Porte de Vincennes 7 633 984 Limite du 20ème arrondissement
69%
Porte Dorée 2 763 236
67%
Porte de Charenton 2 105 924
65%
Michel Bizot 1 906 545
62%
Faidherbe-Chaligny 3 032 239 À la limite du 11ème arrondissement, mais administrativement dans le 12ème arr.
60%
Ledru-Rollin 3 777 270 À la limite du 11ème arrondissement, mais administrativement dans le 12ème arr.
60%
Cour Saint-Émilion 6 043 808
59%
Montgallet 1 596 702
59%
Gare de Lyon RER (RATP) 37 526 415
56%
Gare de Lyon RER (SNCF) 112 644 337 Inclut le RER,le Transilien mais aussi les grandes lignes (absence de statistiques par ligne)
56%
Gare de Lyon Métro 36 512 570
51%
Nation Métro 8 834 660 Limite du 11ème arrondissement
49%
Nation RER 4 138 889 Limite du 11ème arrondissement
49%
Quai de La Râpée 1 155 002
38%
Aucun quiz correspondant
Distribution des résultats
% des personnes avec chaque résultat
Percentile par nombre de réponses
Votre historique - résultats
Vous n’avez pas pris ce quiz